000 00518nam a2200181Ia 4500
001 4633
005 20260306145810.0
008 260306t2014||||xx |||||||||||||| ||spa||
041 _aESP
082 _a327.985053
_bG317
100 _aGaribaldi, Rosa
_eAUT
245 0 _aLa política exterior del Perú en la era de Ramón Castilla:
_bdefensa hemisférica y defensa de la jurisdicción nacional
260 _c2014
300 _a409 páginas :
_c25 cm.
650 _aGEN
654 _aCHU
942 _cLIB
_dJUS
_fJUS
_2ddc
_n
999 _c4633
_d4633